000 01562nam a2200445 i 4500
001 44645
003 ES-MaCES
005 20150929131727.0
008 140522s2014 sp | 000 | spa
017 _aBI 212-2014
_bDL
020 _a9788492937523
040 _aES-MaCES
_bspa
_cES-MaCES
245 0 3 _aLa empresa española ante la crisis del modelo productivo
_b: productividad, competitividad e innovación
_ced. a cargo de José Carlos Fariñas García, Juan Fernández de Guevara Radoselovics ; [autores], César Alonso Borrego ... [et al.]
250 _a1ª ed
260 _aBilbao
_bFundación BBVA
_c2014
300 _a410 p.
_c24 cm
500 _aÍndices
504 _aBibliografía
541 _cCompra
650 4 _acrisis económica
_927102
650 4 _adesarrollo gerencial
_928199
650 4 _aproductividad
_928259
650 4 _acompetitividad
_928270
650 4 _ainnovación
_928230
650 4 _ainvestigación y desarrollo
_928273
650 4 _apolítica de investigación
_928828
650 4 _aEspaña
_926964
650 4 _aanálisis económico
_927070
653 1 0 _aEmpresa
650 4 _928178
_aempresa
650 4 _930601
_aestrategia empresarial
650 4 _928371
_aactitud de la dirección
700 1 _aAlonso Borrego, César
_96008
700 1 _aFariñas García, José Carlos
_911621
_eed. lit.
700 1 _aFernández de Guevara, Juan
_911814
_eed. lit.
710 2 _aFundación BBVA
_eed.
_93766
830 0 _aInformes (Fundación BBVA)
_v2013
_934390
902 _aLIB Libro
942 _2CES
_cBK
_h0.0.
999 _c44645
_d44645